TEXTBOOK OF MICROBIOLOGY FOR NURSING (Record no. 1454)
[ view plain ]
| 000 -LEADER | |
|---|---|
| fixed length control field | 00413nam a2200157Ia 4500 |
| 008 - FIXED-LENGTH DATA ELEMENTS--GENERAL INFORMATION | |
| fixed length control field | 220430s9999 xx 000 0 und d |
| 020 ## - INTERNATIONAL STANDARD BOOK NUMBER | |
| International Standard Book Number | 9788182966123 |
| 041 ## - LANGUAGE CODE | |
| Language code of text/sound track or separate title | eng |
| 082 ## - DEWEY DECIMAL CLASSIFICATION NUMBER | |
| Classification number | 616.01 |
| 100 ## - MAIN ENTRY--PERSONAL NAME | |
| Personal name | BAVEJA |
| 9 (RLIN) | 45039 |
| 245 ## - TITLE STATEMENT | |
| Title | TEXTBOOK OF MICROBIOLOGY FOR NURSING |
| 250 ## - EDITION STATEMENT | |
| Edition statement | FIFTH |
| 260 ## - PUBLICATION, DISTRIBUTION, ETC. (IMPRINT) | |
| Place of publication, distribution, etc. | NEW DELHI |
| Name of publisher, distributor, etc. | A.P.H. PUBLISHING GORPORATION NEW DELHI |
| Date of publication, distribution, etc. | 2017 |
| 300 ## - PHYSICAL DESCRIPTION | |
| Extent | 750 |
| 650 ## - SUBJECT ADDED ENTRY--TOPICAL TERM | |
| Topical term or geographic name as entry element | MICROBIOLOGY |
| 9 (RLIN) | 45040 |
| Withdrawn status | Lost status | Damaged status | Not for loan | Collection code | Home library | Current library | Date acquired | Cost, normal purchase price | Total Checkouts | Total Renewals | Full call number | Barcode | Date last seen | Date last checked out | Bill Date | Koha item type | Source of classification or shelving scheme | Vendor | Bill number | Cost, replacement price |
|---|---|---|---|---|---|---|---|---|---|---|---|---|---|---|---|---|---|---|---|---|
| Sitabai Nargundkar College of Nursing Nagpur | Sitabai Nargundkar College of Nursing Nagpur | 02/08/2019 | 280.00 | 33 | 6 | 616.01 | SNCN-BB-437 | 22/01/2026 | 18/12/2025 | 15/05/2022 | Book Bank | |||||||||
| Sitabai Nargundkar College of Nursing Nagpur | Sitabai Nargundkar College of Nursing Nagpur | 02/08/2019 | 280.00 | 2 | 616.01 | SNCN-BB-438 | 28/08/2023 | 17/08/2023 | 15/05/2022 | Book Bank | ||||||||||
| Sitabai Nargundkar College of Nursing Nagpur | Sitabai Nargundkar College of Nursing Nagpur | 17/09/2025 | 172.00 | 5 | 616.01/BAV | SNCN-DB-333 | 12/01/2026 | 18/12/2025 | 26/06/2025 | Donated Book | Dewey Decimal Classification | Donated By Nandini Bawane | IK#2025-26#00580 | 172.00 |